| 000 | 00604nam a2200193 4500 | ||
|---|---|---|---|
| 005 | 20250502111519.0 | ||
| 010 | _aENG-144602 | ||
| 020 |
_a9789392640490 _c595.00 |
||
| 035 | _aEN-128134 | ||
| 037 | _bDBAD | ||
| 082 | _a260.33 | ||
| 100 |
_aGill,Kulwant Singh _980994 |
||
| 245 |
_aThe Gatha of Guru Nanak: _bThe Bard of Beatitude/ _cKulwant Singh Gill |
||
| 250 | _a1st | ||
| 260 |
_aNew Delhi _bSurinder Kumar & Sons _c2022 |
||
| 270 |
_a30/21A-22A,Gali No-9 Vishwas Nagar ,Shahdara _bNew Delhi _e110032 |
||
| 300 |
_axiii,192p. _c22cm(hbk) |
||
| 942 |
_2ddc _cEN _mGIL _h260.33 _e1st |
||
| 999 |
_c210935 _d210935 |
||